| 000 -LEADER |
| fixed length control field |
00668nam a22002297a 4500 |
| 008 - FIXED-LENGTH DATA ELEMENTS--GENERAL INFORMATION |
| fixed length control field |
150601b xxu||||| |||| 00| 0 eng d |
| 020 ## - INTERNATIONAL STANDARD BOOK NUMBER |
| International Standard Book Number |
0070610312 |
| 041 0# - LANGUAGE CODE |
| Language code of text/sound track or separate title |
eng |
| 080 ## - UNIVERSAL DECIMAL CLASSIFICATION NUMBER |
| Universal Decimal Classification number |
331 BIG |
| 245 00 - TITLE STATEMENT |
| Title |
Motivation and leadership at work / |
| Statement of responsibility, etc |
[compiled by] Richard M. Steers, Lyman W. Porter, Gregory A. Bigley. |
| 250 ## - |
| -- |
6th ed. |
| 260 ## - |
| -- |
New York : |
| -- |
McGraw-Hill, |
| -- |
c1996. |
| 300 ## - |
| -- |
766 f. : |
| -- |
me il.; |
| -- |
25 cm. |
| 500 ## - |
| -- |
Preface: f.xiii-xiv |
| 505 ## - |
| -- |
Index: f.761-766 |
| 650 #0 - |
| -- |
Burimet njerëzore |
| 650 #0 - |
| -- |
Motivimi |
| 700 1# - |
| -- |
Steers, Richard M. |
| 700 1# - |
| -- |
Porter, Lyman W. |
| 700 1# - |
| -- |
Bigley, Gregory A. |
| 942 ## - ADDED ENTRY ELEMENTS (KOHA) |
| Source of classification or shelving scheme |
|
| Item type |
Books |